SAT Words HARD Click Quiz - S #16 - Daily Word Quiz! - Statistics

General Stats
  • This quiz has been taken 161 times
  • The average score is 11 of 16
Answer Stats
Hint Answer % Correct
Grand, opulent, strikingly impressive Splendiferous
89%
Woman’s garment consisting of several yards of lightweight cloth Sari
85%
Showing symptoms associated with scurvy Scorbutic
84%
Arranged in a star-shaped pattern; resembling a star in shape Stellate
83%
Luck in finding unexpected valuable or pleasant things Serendipity
78%
Broad area of dark or tanned land; or, dark and dusky in complexion Swarth
77%
Arrange or differentiate into structured layers Stratify
75%
System where individuals are chosen for public office through random selection Sortition
74%
Maintaining a calm, unruffled disposition Sedate
72%
Display a feigned or affected smile, often with underlying insincerity Simper
68%
The trail or tracks left by a wild animal; or, the trace of some person or thing Spoor
66%
An entity exerting its influence to dominate, supress, or submerge some weaker entity Subduction
60%
Falsely presented as genuine or authentic; fraudulent or counterfeit Supposititious
59%
Having a temperment marked by anger, irritability, bitterness or a quick temper; or, blasphemous Sulferous
58%
Deceive, outwit, or trap someone cleverly Snooker
57%
Break in continuity; gap in logic Saltus
34%
No matching quizzes found
Score Distribution
Percent of People with Each Score
Percentile by Number Answered
Your Score History
You have not taken this quiz